Manual de fisiología cardiovascular / (Registro nro. 293)

Detalles MARC
000 -LEADER
fixed length control field 01496 am a2200421 a 4500
005 - FECHA ULTIMA MODIFICACION
control field 20240517113742.0
008 - CAMPO DE CONTROL (LIBRO)
fixed length control field 100504s1996||||ag a f |||| 000 0 spa d
020 ## - INTERNATIONAL STANDARD BOOK NUMBER
ISBN S/N
041 ## - CODIGO DE IDIOMA
Código de idioma del texto/pista de sonido o título separado spa
092 ## - SIGNATURA TOPOGRAFICA DEWEY LOCAL
número de clasificación 612.103
libristica 51
sección MAN
245 ## - TITULO PROPIAMENTE DICHO
Título Manual de fisiología cardiovascular /
Mención de responsabilidad y remanente de la transcripción de la portada Maria Teresa Márquez
250 ## - MENCION DE EDICION
Mención de edición 2a ed.
260 ## - PIE DE IMPRENTA
Lugar de publicación, distribución, etc Buenos Aires:
Nombre de la editorial, distribuidor, etc S/N;
Fecha de publicación 1996.
300 ## - DESCRIPCION FISICA
Extension 183 p.
Otros detalles físicos il.
500 ## - NOTA GENERAL
Nota general Márquez, M. T. et al. (1996). Manual de fisiología cardiovascular. (2a ed.). Buenos Aires : S/N.
590 ## - NOTAS LOCALES (RLIN)
Nota local Donación Cecilia Fontana, 2007
653 ## - TÉRMINO INDIZADO - PALABRAS CLAVES
Palabra clave Aparato cardiovascular
653 ## - TÉRMINO INDIZADO - PALABRAS CLAVES
Palabra clave Leyes generales de la circulación
653 ## - TÉRMINO INDIZADO - PALABRAS CLAVES
Palabra clave Presión arterial sistemica
653 ## - TÉRMINO INDIZADO - PALABRAS CLAVES
Palabra clave Electrofisiología
653 ## - TÉRMINO INDIZADO - PALABRAS CLAVES
Palabra clave Electrocardiografía
653 ## - TÉRMINO INDIZADO - PALABRAS CLAVES
Palabra clave Músculo cardíaco
653 ## - TÉRMINO INDIZADO - PALABRAS CLAVES
Palabra clave Actividad mecanica del corazón
653 ## - TÉRMINO INDIZADO - PALABRAS CLAVES
Palabra clave Regulación del volumen minuto cardiaco
653 ## - TÉRMINO INDIZADO - PALABRAS CLAVES
Palabra clave Presión arterial. regulación
653 ## - TÉRMINO INDIZADO - PALABRAS CLAVES
Palabra clave Circulación coronaria
653 ## - TÉRMINO INDIZADO - PALABRAS CLAVES
Palabra clave Adapatación cardiovacular al ejercicio muscular
653 ## - TÉRMINO INDIZADO - PALABRAS CLAVES
Palabra clave Regulación autonoma de la función cardiaca
653 ## - TÉRMINO INDIZADO - PALABRAS CLAVES
Palabra clave Fisiología del endotelio vascular
653 ## - TÉRMINO INDIZADO - PALABRAS CLAVES
Palabra clave Fisiología del diastole y funcion diastolica
700 1# - ENTRADAS SECUNDARIAS - NOMBRE PERSONAL
Nombre personal Ahuad Guerrero, Rafael.
9 (RLIN) 229
700 1# - ENTRADAS SECUNDARIAS - NOMBRE PERSONAL
Nombre personal Ahuad Guerrero, Rodolfo A.
9 (RLIN) 230
700 1# - ENTRADAS SECUNDARIAS - NOMBRE PERSONAL
Nombre personal Berreta, Julio Alberto (h).
9 (RLIN) 231
700 1# - ENTRADAS SECUNDARIAS - NOMBRE PERSONAL
Nombre personal Sappia Etcheto, Juan Pablo.
9 (RLIN) 232
700 1# - ENTRADAS SECUNDARIAS - NOMBRE PERSONAL
Nombre personal Márquez, María Teresa.
9 (RLIN) 228
930 ## - NUMERO DE INVENTARIO
Número de inventario 1814
942 ## - ADDED ENTRY ELEMENTS (KOHA)
Source of classification or shelving scheme Dewey Decimal Classification
Item type Libros
Existencias
Estado de retiro Existencia Estado general No para prestamo Ubicación permanente ubicación actual Sala de ubicación Fecha de adquisición Total Checkouts Total Renewals Número de clasificación Código de barras Date last seen Date last borrowed Número de ejemplar Price effective from Koha tipo de elemento (item)
        Biblioteca Medicina Biblioteca Medicina Circulación 13/05/2011 12 3 612.103 51 MAN 1814 23/09/2019 20/09/2019 ej.1 13/05/2011 Libros

UNIVERSIDAD NACIONAL DEL COMAHUE
Biblioteca de la Facultad de Ciencias Médicas
Sede Toschi: Los Arrayanes y Av. Toschi, Cipolletti  - Rio Negro
Sede Los Tordos:  Yrigoyen al 2211, Cipolletti - Rio Negro 

Teléfono: 0299 - 4774707 int 25
Contacto: biblioteca@facimed.uncoma.edu.ar
© 2011 - 2026